El magnetizador / (Record no. 187023)

MARC details
000 -LEADER
campo de control de longitud fija 01142nam a2200301 i 4500
001 - NÚMERO DE CONTROL
campo de control 187023
003 - IDENTIFICADOR DE NÚMERO DE CONTROL
campo de control ES-MaACL
005 - FECHA Y HORA DE LA ÚLTIMA TRANSACCIÓN
campo de control 20260318063017.0
008 - DATOS DE LONGITUD FIJA--INFORMACIÓN GENERAL
campo de control de longitud fija 170329s1974 sp mp |||| | spa d
020 ## - NÚMERO INTERNACIONAL ESTÁNDAR DEL LIBRO
Número Internacional Estándar del Libro 84-354-0003-4
080 ## - NÚMERO DE LA CLASIFICACIÓN DECIMAL UNIVERSAL
Número de la Clasificación Decimal Universal 821.112.2-34"17"
100 1# - ENTRADA PRINCIPAL--NOMBRE DE PERSONA
Nombre de persona Hoffmann, Ernst T. A.
Fechas asociadas al nombre 1776-1822
9 (RLIN) 242917
245 13 - MENCIÓN DEL TÍTULO
Título El magnetizador /
Mención de responsabilidad, etc. E.T.A. Hoffmann ; [prólogo y traducción, Carmen Bravo-Villasante].
250 ## - MENCION DE EDICION
Mención de edición 1ª ed.
260 ## - PUBLICACIÓN, DISTRIBUCIÓN, ETC.
Lugar de publicación, distribución, etc. Madrid :
Nombre del editor, distribuidor, etc. CVS,
Fecha de publicación, distribución, etc. 1974.
300 ## - DESCRIPCIÓN FÍSICA
Extensión 131 p., 1 lám. pleg. suelta ;
Dimensiones 24 cm +
Material acompañante/anejo disco :
Otras características físicas 33 rpm.
490 1# - MENCIÓN DE SERIE
Mención de serie Fantástica ;
Designación de volumen o secuencia 4
505 8# - NOTA DE CONTENIDO CON FORMATO
Nota de contenido con formato Contiene: La iglesia de los Jesuitas de G. ; La casa vacía ; El huésped siniestro ; Bárbara Rolonffin.
597 ## - NOTA DE DESCRIPCIÓN FÍSICA
NOTA DE DESCRIPCIÓN FÍSICA Disco en Despacho de Biblioteca
700 1# - ENTRADA AGREGADA--NOMBRE PERSONAL
Nombre de persona Bravo-Villasante, Carmen,
Fechas asociadas al nombre 1918-1994
9 (RLIN) 31507
740 32 - ENTRADA AGREGADA--TÍTULO RELACIONADO/ANALÍTICO NO CONTROLADO
Título relacionado o analítico no controlado La iglesia de los Jesuitas de G.
740 32 - ENTRADA AGREGADA--TÍTULO RELACIONADO/ANALÍTICO NO CONTROLADO
Título relacionado o analítico no controlado La casa vacía.
740 32 - ENTRADA AGREGADA--TÍTULO RELACIONADO/ANALÍTICO NO CONTROLADO
Título relacionado o analítico no controlado El huésped siniestro.
740 02 - ENTRADA AGREGADA--TÍTULO RELACIONADO/ANALÍTICO NO CONTROLADO
Título relacionado o analítico no controlado Bárbara Rolonffin.
830 1# - PUNTO DE ACCESO ADICIONAL DE SERIE-TÍTULO UNIFORME
Título uniforme Fantástica ;
Designación de volumen o secuencia 4
9 (RLIN) 225496
852 4# - LOCALIZACIÓN
Ubicación ES-MaACL
Número de control de estantería L-31342
Nota libre - Dedicatoria autógrafa de Carmen Bravo-Villasante
Holdings
Estatus retirado Estado de pérdida Fuente del sistema de clasificación o colocación Estado de daño No para préstamo Colección Biblioteca de origen Biblioteca actual Ubicación en estantería Fecha de adquisición Total de préstamos Signatura topográfica completa Código de barras Visto por última vez Precio de reemplazo Tipo de ítem Koha Nota pública
    Clasificación decimal universal     Libros con dedicatorias Biblioteca del Ateneo de Madrid Biblioteca del Ateneo de Madrid Depósito 2 29/03/2017   L-31342 1197305 23/02/2023 23/02/2023 Libro impreso Dedicatoria autógrafa del autor